Трансфер технологий в сфере автомобилестроения в рамках нового шелкового пути: влияние Китая на цифровизацию автопрома Европы; Научная инициатива иностранных студентов и аспирантов

Dettagli Bibliografici
Parent link:Научная инициатива иностранных студентов и аспирантов.— 2025.— С. 89-94
Autore principale: Ма Ваньли
Altri autori: Овчинников Л. Е. (научный руководитель), Боженко Е. А. Елена Аркадьевна
Riassunto:В статье исследуется трансфер технологий в сфере автомобилестроения в контексте инициативы Китая «Один пояс – один путь», с акцентом на экспорт китайского автопрома в Европу. Рассматриваются стратегии китайских компаний, протекционные меры со стороны ЕС и особенности конкурентной среды данного региона, а также формулируются рекомендации для китайских автопроизводителей по продолжению успешного выхода на европейский рынок
Текстовый файл
Lingua:russo
Pubblicazione: 2025
Soggetti:
Accesso online:http://earchive.tpu.ru/handle/11683/132129
Natura: MixedMaterials Elettronico Capitolo di libro
KOHA link:https://koha.lib.tpu.ru/cgi-bin/koha/opac-detail.pl?biblionumber=681017

MARC

LEADER 00000naa2a2200000 4500
001 681017
005 20250821102534.0
090 |a 681017 
100 |a 20250707d2025 k||y0rusy50 ca 
101 0 |a rus 
102 |a RU 
135 |a drcn ---uucaa 
200 1 |a Трансфер технологий в сфере автомобилестроения в рамках нового шелкового пути: влияние Китая на цифровизацию автопрома Европы  |f Ма Ваньли, Овчинников Л. Е. , Боженко Е. А.  |g науч. рук. Боженко Е. А. 
320 |a Список литературы: 17 назв 
330 |a В статье исследуется трансфер технологий в сфере автомобилестроения в контексте инициативы Китая «Один пояс – один путь», с акцентом на экспорт китайского автопрома в Европу. Рассматриваются стратегии китайских компаний, протекционные меры со стороны ЕС и особенности конкурентной среды данного региона, а также формулируются рекомендации для китайских автопроизводителей по продолжению успешного выхода на европейский рынок 
336 |a Текстовый файл 
463 1 |0 680868  |9 680868  |t Научная инициатива иностранных студентов и аспирантов  |o сборник докладов V Международной научно-практической конференции, Томск, 22-24 апреля 2025 г.  |c Томск  |d 2025  |n Изд-во ТПУ  |u conference_tpu-2025-C19.pdf  |v С. 89-94 
545 1 |a Актуальные проблемы социально-гуманитарных наук 
610 1 |a электронный ресурс 
610 1 |a труды учёных ТПУ 
610 1 |a шелковый путь 
610 1 |a трансфер технологий 
610 1 |a Европейский союз 
610 1 |a торговые пошлины 
610 1 |a цифровизация 
610 1 |a локализация производства 
610 1 |a автомобильная промышленность 
700 0 |a Ма Ваньли 
701 1 |a Овчинников  |b Л. Е. 
701 1 |a Боженко  |b Е. А.  |c лингвист, регионовед  |c эксперт Томского политехнического университета  |f 1987-  |g Елена Аркадьевна  |9 22887 
702 1 |a Боженко  |b Е. А.  |c лингвист, регионовед  |c эксперт Томского политехнического университета  |f 1987-  |g Елена Аркадьевна  |4 727 
801 0 |a RU  |b 63413507  |c 20250707  |g RCR 
850 |a 63413507 
856 4 |u http://earchive.tpu.ru/handle/11683/132129  |z http://earchive.tpu.ru/handle/11683/132129 
942 |c CF